<?xml version="1.0" encoding="UTF-8"?>
<record
    xmlns:xsi="http://www.w3.org/2001/XMLSchema-instance"
    xsi:schemaLocation="http://www.loc.gov/MARC21/slim http://www.loc.gov/standards/marcxml/schema/MARC21slim.xsd"
    xmlns="http://www.loc.gov/MARC21/slim">

  <leader>03337nam a2200469 a 4500</leader>
  <controlfield tag="001">000q0424</controlfield>
  <controlfield tag="003">WSP</controlfield>
  <controlfield tag="005">20260416153408.0</controlfield>
  <controlfield tag="007">cr |nu|||unuuu</controlfield>
  <controlfield tag="008">240315s2025    nju     ob    001 0 eng d</controlfield>
  <datafield tag="010" ind1=" " ind2=" ">
    <subfield code="a">  2023057790</subfield>
  </datafield>
  <datafield tag="040" ind1=" " ind2=" ">
    <subfield code="a">WSPC</subfield>
    <subfield code="b">eng</subfield>
    <subfield code="c">WSPC</subfield>
  </datafield>
  <datafield tag="020" ind1=" " ind2=" ">
    <subfield code="a">9781800614383</subfield>
    <subfield code="q">(ebook)</subfield>
  </datafield>
  <datafield tag="020" ind1=" " ind2=" ">
    <subfield code="a">1800614381</subfield>
    <subfield code="q">(ebook)</subfield>
  </datafield>
  <datafield tag="020" ind1=" " ind2=" ">
    <subfield code="z">9781800614376</subfield>
    <subfield code="q">(hbk.)</subfield>
  </datafield>
  <datafield tag="020" ind1=" " ind2=" ">
    <subfield code="z">1800614373</subfield>
    <subfield code="q">(hbk.)</subfield>
  </datafield>
  <datafield tag="042" ind1=" " ind2=" ">
    <subfield code="a">pcc</subfield>
  </datafield>
  <datafield tag="050" ind1="0" ind2="0">
    <subfield code="a">RC267</subfield>
    <subfield code="b">.M636 </subfield>
  </datafield>
  <datafield tag="072" ind1=" " ind2="7">
    <subfield code="a">MAT</subfield>
    <subfield code="x">003000</subfield>
    <subfield code="2">bisacsh</subfield>
  </datafield>
  <datafield tag="072" ind1=" " ind2="7">
    <subfield code="a">SCI</subfield>
    <subfield code="x">008000</subfield>
    <subfield code="2">bisacsh</subfield>
  </datafield>
  <datafield tag="072" ind1=" " ind2="7">
    <subfield code="a">SCI</subfield>
    <subfield code="x">003000</subfield>
    <subfield code="2">bisacsh</subfield>
  </datafield>
  <datafield tag="082" ind1="0" ind2="0">
    <subfield code="a">616.99/40072</subfield>
    <subfield code="2">23</subfield>
  </datafield>
  <datafield tag="049" ind1=" " ind2=" ">
    <subfield code="a">MAIN</subfield>
  </datafield>
  <datafield tag="245" ind1="0" ind2="0">
    <subfield code="a">Modelling and computational approaches for multi-scale phenomena in cancer research :</subfield>
    <subfield code="b">from cancer evolution to cancer treatment /</subfield>
    <subfield code="c">editors, Raluca Eftimie, Dumitru Trucu.</subfield>
  </datafield>
  <datafield tag="260" ind1=" " ind2=" ">
    <subfield code="a">New Jersey :</subfield>
    <subfield code="b">World Scientific Publishing,</subfield>
    <subfield code="c">&#xA9;2025.</subfield>
  </datafield>
  <datafield tag="300" ind1=" " ind2=" ">
    <subfield code="a">1 online resource (312 p.)</subfield>
  </datafield>
  <datafield tag="504" ind1=" " ind2=" ">
    <subfield code="a">Includes bibliographical references and index.</subfield>
  </datafield>
  <datafield tag="505" ind1="0" ind2=" ">
    <subfield code="a">Introduction: brief review of multiscale aspects in cancer -- Using Mathematical Models to Predict Glioblastoma Growth -- Multi-scale aspects of immune responses to solid cancers -- Modeling and Computational Approaches for Multiscale Phenomena in Cancer Research -- Modeling cell migration in cancer spread as a response to multi-cue heterogeneous environments -- Multiscale mathematical modelling and simulations of chemo-viro-therapies for cancer -- Spatio-Temporal-Structural Approaches in Cancer -- Malignant transformation of Low Grade Astrocytomas through a Mechano-Biological -- Brain tumour Evolution Backwards in Time via Reaction-Diffusion Models -- Epilogue.</subfield>
  </datafield>
  <datafield tag="520" ind1=" " ind2=" ">
    <subfield code="a">"Cancer development and progression is the result of biological phenomena that occur across multiple temporal and spatial scales. Recent years have seen a flurry of multi-scale mathematical models developed to generate and test new biological hypotheses related to cancer development, progression, and various treatment approaches. This led to the development of new computational and analytical approaches aimed at investigating these multiscale models. This review volume summarises some of the current state of the art related to the modelling, experimental investigation and data assimilation for multiscale phenomena during cancer development, evolution and treatment, as well as computational and analytical investigation of the multi-scale models developed to reproduce the biological phenomena. The book also identifies the experimental and theoretical open problems that will have to be addressed in the near future in order to advance this field. Modelling and Computational Approaches for Multi-scale Phenomena in Cancer Research is an excellent resource for both early career and advanced researchers"--</subfield>
    <subfield code="c">Publisher's website.</subfield>
  </datafield>
  <datafield tag="538" ind1=" " ind2=" ">
    <subfield code="a">Mode of access: World Wide Web.</subfield>
  </datafield>
  <datafield tag="538" ind1=" " ind2=" ">
    <subfield code="a">System requirements: Adobe Acrobat reader.</subfield>
  </datafield>
  <datafield tag="650" ind1=" " ind2="0">
    <subfield code="a">Cancer</subfield>
    <subfield code="x">Research.</subfield>
  </datafield>
  <datafield tag="650" ind1=" " ind2="0">
    <subfield code="a">Cancer</subfield>
    <subfield code="x">Mathematical models.</subfield>
  </datafield>
  <datafield tag="650" ind1=" " ind2="0">
    <subfield code="a">Cancer</subfield>
    <subfield code="x">Computer simulation.</subfield>
  </datafield>
  <datafield tag="650" ind1=" " ind2="0">
    <subfield code="a">Multiscale modeling.</subfield>
  </datafield>
  <datafield tag="650" ind1=" " ind2="0">
    <subfield code="a">Biological models.</subfield>
  </datafield>
  <datafield tag="655" ind1=" " ind2="0">
    <subfield code="a">Electronic books.</subfield>
  </datafield>
  <datafield tag="700" ind1="1" ind2=" ">
    <subfield code="a">Eftimie, Raluca. </subfield>
  </datafield>
  <datafield tag="700" ind1="1" ind2=" ">
    <subfield code="a">Trucu, Dumitru. </subfield>
  </datafield>
  <datafield tag="856" ind1="4" ind2="0">
    <subfield code="u">https://www.worldscientific.com/worldscibooks/10.1142/q0424#t=toc</subfield>
  </datafield>
  <datafield tag="942" ind1=" " ind2=" ">
    <subfield code="c">E-BOOK</subfield>
  </datafield>
  <datafield tag="999" ind1=" " ind2=" ">
    <subfield code="c">49728</subfield>
    <subfield code="d">49728</subfield>
  </datafield>
  <datafield tag="952" ind1=" " ind2=" ">
    <subfield code="0">0</subfield>
    <subfield code="1">0</subfield>
    <subfield code="2">ddc</subfield>
    <subfield code="4">0</subfield>
    <subfield code="7">0</subfield>
    <subfield code="a">CUTN</subfield>
    <subfield code="b">CUTN</subfield>
    <subfield code="d">2026-04-16</subfield>
    <subfield code="l">0</subfield>
    <subfield code="o">616.99/40072</subfield>
    <subfield code="p">EB04976</subfield>
    <subfield code="r">2026-04-16 15:48:00</subfield>
    <subfield code="u">https://doi.org/10.1142/q0424</subfield>
    <subfield code="w">2026-04-16</subfield>
    <subfield code="y">E-BOOK</subfield>
  </datafield>
</record>
